Automatizácia a riadenie v teórii a praxi 2012: ARTEP 2012 workshop odborníkov z univerzít, vysokých škôl a praxe v oblasti automatizácie a riadenia

Saved in:
Bibliographic Details
Corporate Authors: ARTEP 2012. worskhop, Technická univerzita v Košiciach
Other Authors: Šimšík, Dušan, Gmiterko, Alexander
Format: Book
Language:Slovak
English
Published: Košice Technical University of Košice 2012
Edition:1. vydanie
Tags: Add Tag
No Tags, Be the first to tag this record!

MARC

LEADER 00000nam a2200000 4500
001 0270357
005 20240822101715.1
020 |a 978-80-553-0835-7 
041 0 |a slo 
041 0 |a eng 
044 |a SK 
245 1 0 |a Automatizácia a riadenie v teórii a praxi 2012: ARTEP 2012  |b workshop odborníkov z univerzít, vysokých škôl a praxe v oblasti automatizácie a riadenia  |c recenzenti: Dušan Šimšík, Alexander Gmiterko... [et al.] 
250 |a 1. vydanie 
264 1 |a Košice  |b Technical University of Košice  |c 2012 
300 |a [69 s.] 
700 1 |a Šimšík, Dušan 
700 1 |a Gmiterko, Alexander 
110 2 |a ARTEP 2012. worskhop 
710 2 |a Technická univerzita v Košiciach